000 00641nam a22002177a 4500
005 20251108172420.0
008 250721s2002 xx 000 0 ara d
082 1 4 _a618.1/أسا
245 1 0 _aأساسيات التوليد و أمراض النساء /
250 _aعربية مزيدة
264 _bالأقصى للدراسات و الترجمة و النشر،
_c2002.
300 _aج
650 1 7 _aالأمراض النسائية
650 1 7 _aالولادة
650 1 7 _aالطب
650 1 7 _aالمخاض
650 1 7 _aالعملية القيصرية
650 1 7 _aالحمل
942 _2ddc
_cBK
999 _c78741
_d78741